000 nam a22 7a 4500
999 _c10872
_d10872
008 180306b ||||| |||| 00| 0 eng d
100 _aTeri
_96694
245 _aRoad to a Sustainable School
260 _aTeri
_bNew York